00858nam a22002295i 4500001000700000003000900007005001700016008004100033080000800074080001000082100003300092245016500125260007800290300002100368650003000389650001800419700003600437710006500473740004100538852002500579852002400604170126ES-MaACL20250814234932.0090204s1986 cl |||| | spa d a348 a27-740 aSquella Narducci, Agustín.10aReligiosidad y secularización (o un estado de indecisión ante Dios) / cAgustín Squella Narducci ; discurso de recepción, Manuel de Rivacoba y Rivacoba. aSantiago de Chile : bAcademia Chilena de Ciencias Sociales, cimp. 1986. a54 p. ; c27 cm.17aDerecho canónico2embne14aReligiosidad.1 aRivacoba y Rivacoba, Manuel de.2 aAcademia Chilena de Ciencias Sociales, Políticas y Morales32aUn estado de indecisión ante Dios. aES-MaACLj2240-F-18  aES-MaACLj2289-F-15